| 000 | 01129nam a22003137a 4500 | ||
|---|---|---|---|
| 001 | 885 | ||
| 005 | 20230713133435.0 | ||
| 008 | 230713b cb ||||| |||| 00| 0 eng d | ||
| 020 |
_a0060239891 : _c$10.95 |
||
| 020 |
_a0060240067 (lib. bdg.) : _c$10.89 |
||
| 040 |
_aDLC _cDLC _dDLC _beng |
||
| 050 | 0 | 0 |
_aPR9199.3.L555 _bH48 1989 |
| 082 | 0 | 0 |
_a811/.54 _219 |
| 100 | 1 |
_aLittle, Jean, _d1932- |
|
| 245 | 1 | 0 |
_aHey world, here I am! / _cJean Little ; illustrations by Sue Truesdell. |
| 250 | _aFirst Harper Trophy edition, 1990. | ||
| 260 |
_aNew York : _bHarper Trophy, _c1990. |
||
| 300 |
_a88 pages : _billustrations ; _c20 cm. |
||
| 505 | _aN | ||
| 520 | _aA collection of poems and brief vignettes from the perspective of a girl named Kate Bloomfield, reflecting her views on friendship, school, family life, and the world. | ||
| 521 |
_a570
_bLexile |
||
| 521 |
_aN
_bRaz-Plus |
||
| 650 | 0 | _aChildren's poetry, Canadian. | |
| 650 | 1 | _aCanadian poetry. | |
| 650 | 1 | _aShort stories. | |
| 700 | 1 |
_aTruesdell, Sue, _eillustrator. |
|
| 906 |
_a7 _bcbc _corignew _d1 _eocip _f19 _gy-gencatlg |
||
| 942 |
_2ddc _cBK _n0 |
||
| 999 |
_c885 _d885 |
||